书目信息 |
| 题名: |
全国攻读硕士学位全国联考英语考试用书·词汇、语法完型填空
|
|
| 作者: | 王红利 编著 | |
| 分册: | ||
| 出版信息: | 北京 电子工业出版社 2003.06 |
|
| 页数: | 404页 | |
| 开本: | 24cm | |
| 丛书名: | ||
| 单 册: | ||
| 中图分类: | H31 | |
| 科图分类: | ||
| 主题词: | 英语 | |
| 电子资源: | ||
| ISBN: | 7-5053-8804-5 | |
| 000 | 00677nam0 2200193 45 | |
| 001 | 0433242170 | |
| 005 | 2004092009140217 | |
| 010 | @a7-5053-8804-5@d35.00CNY | |
| 100 | @a20040920d2003 km y0chiy0120 ea | |
| 101 | 0 | @achi |
| 102 | @aCN@b110000 | |
| 200 | 1 | @a全国攻读硕士学位全国联考英语考试用书·词汇、语法完型填空@AQuan Guo Gong Du Shuo Shi Xue Wei Quan Guo Lian Kao Ying Yu Kao Shi Yong Shu·Ci Hui、Yu Fa Wan Xing Tian Kong@f王红利等编著@FWang Hong Li Deng Bian Zhu |
| 210 | @a北京@c电子工业出版社@d2003.06 | |
| 215 | @a404页@d24cm | |
| 606 | 0 | @a英语 |
| 690 | @aH31@v3 | |
| 701 | 0 | @a王红利@AWang Hong Li@4编著 |
| 801 | 0 | @aCN@bPFT@c20040920 |
| 905 | @a安徽大学@dH31@eW2032 | |
| 全国攻读硕士学位全国联考英语考试用书·词汇、语法完型填空/王红利等编著.-北京:电子工业出版社,2003.06 |
| 404页;24cm |
| ISBN 7-5053-8804-5:35.00CNY |
| ● |
| 相关链接 |
|
|
|
正题名:全国攻读硕士学位全国联考英语考试用书·词
索取号:H31/W2032
 
预约/预借
| 序号 | 登录号 | 条形码 | 馆藏地/架位号 | 状态 | 备注 |
| 1 | 394633 | 203946338 | 语言库209/ [索取号:H31/W2032] | 在馆 | |
| 2 | 394634 | 203946347 | 语言库209/209语言库 86排4列6层/ [索取号:H31/W2032] | 在馆 | |
| 3 | 394635 | 203946356 | 语言库209/209语言库 86排4列6层/ [索取号:H31/W2032] | 在馆 |